000 00613nam a2200229Ia 4500
003 OSt
005 20220918183324.0
006 a|||||r|||| 00| 0
007 ta
008 220917b |||||||| |||| 00| 0 eng d
024 _a37,339
037 _cTextual
040 _aARTS
_cARTS
_beng
041 _2eng
_aeng
082 _aO13:1M83:1, 111J9-;1
100 _aKazantakis Nikos
_962522
245 0 _aOdyssey a modern sequel tr by Kimon Fraiar
260 _c1959
650 _aENGLISH LITERATURE
942 _hO13:1M83:1, 111J9-;1
_cTEXL
_2CC
999 _c172241
_d172241